| 000 -LEADER |
| fixed length control field |
00839cam a2200241 i 4500 |
| 020 ## - INTERNATIONAL STANDARD BOOK NUMBER |
| ISBN |
9781422158005 |
| 020 ## - INTERNATIONAL STANDARD BOOK NUMBER |
| ISBN |
1422158004 |
| 040 ## - CATALOGING SOURCE |
| Transcribing agency |
DLC |
| 082 00 - DEWEY DECIMAL CLASSIFICATION NUMBER |
| Classification number |
658 HAR 2011 A116 Or. |
| 245 00 - TITLE STATEMENT |
| Title |
HBR's 10 must reads : |
| Remainder of title |
on change management. |
| 246 3# - VARYING FORM OF TITLE |
| Title proper/short title |
HBR's 10 must reads on change management |
| 246 3# - VARYING FORM OF TITLE |
| Title proper/short title |
HBR's ten must reads on change management |
| 246 3# - VARYING FORM OF TITLE |
| Title proper/short title |
Harvard business review's 10 must reads on change management |
| 246 30 - VARYING FORM OF TITLE |
| Title proper/short title |
On change management. |
| 246 38 - VARYING FORM OF TITLE |
| Title proper/short title |
Change management |
| 300 ## - PHYSICAL DESCRIPTION |
| Number of Pages |
v, 210 pages : |
| Other physical details |
illustrations ; |
| Dimensions |
21 cm. |
| 490 1# - SERIES STATEMENT |
| Series statement |
HBR's 10 must reads |
| 500 ## - GENERAL NOTE |
| General note |
"If you read nothing else on change managment, read these definitive articles from Harvard Business Review."--Cover. |
| 500 ## - GENERAL NOTE |
| General note |
Includes index. |
| 650 #0 - SUBJECT ADDED ENTRY--TOPICAL TERM |
| Topical Term |
Organizational change |
| 650 #0 - SUBJECT ADDED ENTRY--TOPICAL TERM |
| Topical Term |
Leadership |
| 942 ## - ADDED ENTRY ELEMENTS (KOHA) |
| Koha item type |
ADB |
| 952 ## - LOCATION AND ITEM INFORMATION (KOHA) |
| Withdrawn status [LOCAL, KOHA] |
0 |
| 952 ## - LOCATION AND ITEM INFORMATION (KOHA) |
| Withdrawn status [LOCAL, KOHA] |
0 |